000 00815nam a2200193 i 4500
001 186028
003 ES-MaACL
005 20230906222552.0
008 160905s1945 sp |||| | spa d
100 0 _aAlía Medina, Manuel.
_919916
245 1 0 _aCaracterísticas morfográficas y geológicas de la zona septentrional del Sahara español /
_cpor Manuel Alia Medina.
260 _aMadrid :
_bConsejo Superior de Investigaciones Científicas,
_c1945.
490 1 _aTrabajos del Instituto de Ciencias Naturales "José de Acosta". Serie geológica ;
_v2
650 4 _aGeomorfología-
_zSahara.
_9160711
650 4 _aGeología-
_zSahara.
_9160712
830 0 _aTrabajos del Instituto de Ciencias Naturales "José de Acosta". Serie geológica ;
_v2
_9192461
852 _aES-MaACL
_jE-4675
999 _c186028
_d186028